1273 1914 1255 1946 1382 1629 1520 1648 1460 1988 1271 1793 1939 1141 1455 1652 1146 1622 1577 1095 1231 1066 1901 1500 1518 1356 1336 1250 1768 1305 1073 1952 1521 1622 1141 1056 1443 1124 1838 1704 1111 1145 1209 1723 1788 1200 1985 1081 1726 1604 1421 1239 1784 1207 1988 1977 1971 1548 1518 1157 1298 1166 1510 1789 1951 1103 1052 1236 1706 1457 1354 1794 1557 1505 1612 1379 1020 1193 1794 1767 1373 1116 1212 1262 1796 1612 1154 1475 1747 1785 1643 1268 1711 1194 1442 1249 1831 1242 1719 BCNSPRNW ULIB Ver.6.0+V

เปลี่ยนเป็นภาษาไทย

Change to English
 แสดงรายละเอียดบรรณานุกรม
  กลับหน้าหลัก

Brief Record : Get Marc (ISO 2709) : E-mail record : QR code < ปิดหน้าต่าง
LEADER : 00000nas 2200000uu 4500
001    13399128562
003     ULIB
008    230907s2566||||th 000 0 tha d
022 0  ^a08583080
110 1  ^aวารสารเกื้อการุณย์
245 00 ^aวารสารเกื้อการุณย์/^Cคณะพยาบาลศาสตร์เกื้อการุณย์ มหาวิทยาลัยนวมินทราธิราช
260    ^aกรุงเทพฯ :^bคณะพยาบาลศาสตร์เกื้อการุณย์ มหาวิทยาลัยนวมินทราธิราช ,^c2566
310    ^aรายสองเดือน
850 ^a ULIB^bปีที 30 ฉบับที่ 1 ฉ.1 ;ปีที 26 ฉบับที่ 1 ฉ.1 ;ปีที 30 ฉบับที่ 1 ฉ.1 ;ปีที 30 ฉบับที่ 2 ฉ.1 ;ปีที 31 ฉบับที่ 1 ฉ.1 ;ปีที 31 ฉบับที่ 2 ฉ.1
945    ^p0^l0^i906179
945    ^p0^l0^i906225
945    ^p0^l0^i906226
945    ^p0^l0^i906250
945    ^p0^l0^i906335
945    ^p0^l0^i906393
999    ^aประนอม เกษจรัล
รายการนี้ยังไม่มีแท็ก
คุณยังไม่ได้ล็อกอิน คุณสามารถมีกิจกรรมร่วมกับเว็บไซต์ได้ แต่ต้องล็อกอินก่อน ::
  ล็อกอิน

รายการสื่อสารสนเทศ (วารสาร)

ดูแบบ: กล่อง รายการ
ARRIVED
ปีที 26 ฉบับที่ 1 ฉ.1
สถานที่: ห้องสมุดวิทยาเขตสวรรค์ประชารักษ์ >วารสาร
ARRIVED
ปีที 30 ฉบับที่ 1 ฉ.1
สถานที่: ห้องสมุดวิทยาเขตสวรรค์ประชารักษ์ >วารสาร
ARRIVED
ปีที 30 ฉบับที่ 2 ฉ.1
สถานที่: ห้องสมุดวิทยาเขตสวรรค์ประชารักษ์ >วารสาร
ARRIVED
ปีที 31 ฉบับที่ 1 ฉ.1
สถานที่: ห้องสมุดวิทยาเขตสวรรค์ประชารักษ์ >วารสาร
ARRIVED
ปีที 31 ฉบับที่ 2 ฉ.1
สถานที่: ห้องสมุดวิทยาเขตสวรรค์ประชารักษ์ >วารสาร

BibComment


ยังไม่เคยถูกคอมเมนท์

คอมเมนท์ทรัพยากรรายการนี้
  คอมเมนท์: วารสารเกื้อการุณ..


 Copyright 2026. Bcnsprnw @Library